[Event "Miraflores"]
[Site "Miraflores"]
[Date "1993.07.??"]
[Round "4"]
[White "Rodriguez Vila, Andres"]
[Black "Fiorito, Fabian"]
[Result "1/2-1/2"]
[WhiteElo "2445"]
[BlackElo "2425"]
[PlyCount "36"]
[EventDate "1993.??.??"]
[EventType "tourn"]
[EventRounds "11"]
[EventCountry "PER"]
[EventCategory "4"]
[SourceTitle "EXT 1999"]
[Source "ChessBase"]
[SourceDate "1998.11.16"]
[SourceVersion "1"]
[SourceVersionDate "1998.11.16"]
[SourceQuality "1"]

1. e4 c5 2. Nf3 e6 3. d4 cxd4 4. Nxd4 Nf6 5. Nc3 Nc6 6. Nxc6 bxc6 7. e5 Nd5 8.
Nxd5 cxd5 9. Bd3 Qc7 10. Bf4 Rb8 11. Qc1 d6 12. Qe3 dxe5 13. Bxe5 Bd6 14. Bxd6
Qxd6 15. Qxa7 Qe5+ 16. Kd2 Rxb2 17. Qc5 Qf4+ 18. Ke2 Qe5+ 1/2-1/2

[Event "Miraflores"]
[Site "Miraflores"]
[Date "1993.??.??"]
[Round "5"]
[White "Celis Sanchez, Carlos"]
[Black "Rodriguez Vila, Andres"]
[Result "0-1"]
[WhiteElo "2395"]
[BlackElo "2445"]
[PlyCount "94"]
[EventDate "1993.??.??"]
[EventType "tourn"]
[EventRounds "11"]
[EventCountry "PER"]
[EventCategory "4"]
[SourceTitle "EXT 1999"]
[Source "ChessBase"]
[SourceDate "1998.11.16"]
[SourceVersion "1"]
[SourceVersionDate "1998.11.16"]
[SourceQuality "1"]

1. e4 e6 2. d4 d5 3. Nd2 Nf6 4. e5 Nfd7 5. Bd3 c5 6. c3 Nc6 7. Ne2 cxd4 8. cxd4
f6 9. exf6 Nxf6 10. Nf3 Bd6 11. Bf4 Qa5+ 12. Qd2 Bb4 13. Nc3 O-O 14. O-O Ne4
15. Qe3 Bxc3 16. bxc3 Nxc3 17. Bd6 Rd8 18. Qf4 Ne4 19. Bc7 Qc3 20. Bxd8 Qxd3
21. Rad1 Qa6 22. Qc7 Qxa2 23. Ne5 Nxe5 24. dxe5 Qb2 25. Rd3 Qb5 26. Rf3 Bd7 27.
Rb3 Qxb3 28. Qxd7 h6 29. Qxe6+ Kh8 30. Qd7 Nc5 31. Qd6 d4 32. Bh4 Qc4 33. Be7
Rc8 34. f4 d3 35. f5 Ne4 36. Qd7 d2 37. f6 Qxf1+ 38. Kxf1 Rc1+ 39. Ke2 Re1+ 40.
Kf3 d1=Q+ 41. Qxd1 Ng5+ 42. Kf4 Rxd1 43. h4 Nf7 44. e6 Kg8 45. exf7+ Kxf7 46.
fxg7 Kxg7 47. Bc5 a5 0-1

[Event "Miraflores"]
[Site "Miraflores"]
[Date "1993.??.??"]
[Round "6"]
[White "Rodriguez Vila, Andres"]
[Black "Pesantes Carbajal, Carlos"]
[Result "1-0"]
[WhiteElo "2445"]
[BlackElo "2335"]
[PlyCount "63"]
[EventDate "1993.??.??"]
[EventType "tourn"]
[EventRounds "11"]
[EventCountry "PER"]
[EventCategory "4"]
[SourceTitle "EXT 1999"]
[Source "ChessBase"]
[SourceDate "1998.11.16"]
[SourceVersion "1"]
[SourceVersionDate "1998.11.16"]
[SourceQuality "1"]

1. e4 g6 2. d4 Bg7 3. h4 d5 4. e5 c5 5. c3 h5 6. Bd3 Nc6 7. Ne2 Nh6 8. Nd2 cxd4
9. cxd4 Bf5 10. Nb3 e6 11. a3 Qb6 12. Bxh6 Bxh6 13. Bxf5 gxf5 14. Rh3 O-O 15.
Nc5 Qc7 16. Rc3 Qe7 17. g3 Rac8 18. f4 Na5 19. Qa4 b6 20. Nd7 Rfd8 21. Nf6+ Kh8
22. Rac1 Rxc3 23. Rxc3 Bg7 24. b4 Nc4 25. Nxd5 Qb7 26. Rxc4 b5 27. Qa5 Qxd5 28.
Rc5 Qa8 29. Qc7 Bf8 30. Rxb5 Qh1+ 31. Kd2 Re8 32. Qxf7 1-0

[Event "Miraflores"]
[Site "Miraflores"]
[Date "1993.??.??"]
[Round "7"]
[White "Roselli Mailhe, Bernardo"]
[Black "Rodriguez Vila, Andres"]
[Result "1/2-1/2"]
[WhiteElo "2340"]
[BlackElo "2445"]
[PlyCount "69"]
[EventDate "1993.??.??"]
[EventType "tourn"]
[EventRounds "11"]
[EventCountry "PER"]
[EventCategory "4"]
[SourceTitle "EXT 1999"]
[Source "ChessBase"]
[SourceDate "1998.11.16"]
[SourceVersion "1"]
[SourceVersionDate "1998.11.16"]
[SourceQuality "1"]

1. e4 e6 2. d4 d5 3. Nc3 Bb4 4. e5 Ne7 5. a3 Bxc3+ 6. bxc3 c5 7. Nf3 b6 8. a4
Ba6 9. Bb5+ Bxb5 10. axb5 Qc7 11. O-O O-O 12. Qd3 h6 13. dxc5 bxc5 14. c4 Nd7
15. Re1 d4 16. c3 dxc3 17. Qxc3 Rfd8 18. Ra6 Nb6 19. Be3 Nf5 20. Rc1 Rac8 21.
g4 Nxe3 22. Qxe3 Rd7 23. Qe4 Qd8 24. Kg2 Rcc7 25. Rca1 Qb8 26. h3 Qb7 27. Qxb7
Rxb7 28. Rc1 Rd3 29. Rc2 g5 30. Nd2 Rd4 31. Nb3 Rxc4 32. Nxc5 Rc7 33. Rxc4 Nxc4
34. Rc6 Re7 35. Nxe6 1/2-1/2

[Event "Miraflores"]
[Site "Miraflores"]
[Date "1993.??.??"]
[Round "8"]
[White "Rodriguez Vila, Andres"]
[Black "Oblitas Guerrero, Carlomagno"]
[Result "0-1"]
[WhiteElo "2445"]
[BlackElo "2425"]
[PlyCount "128"]
[EventDate "1993.??.??"]
[EventType "tourn"]
[EventRounds "11"]
[EventCountry "PER"]
[EventCategory "4"]
[SourceTitle "EXT 1999"]
[Source "ChessBase"]
[SourceDate "1998.11.16"]
[SourceVersion "1"]
[SourceVersionDate "1998.11.16"]
[SourceQuality "1"]

1. e4 c6 2. d4 d5 3. e5 Bf5 4. Nf3 e6 5. Be2 c5 6. c3 Nc6 7. O-O Bg4 8. Nbd2
cxd4 9. cxd4 Nge7 10. b3 Ng6 11. h3 Bxf3 12. Nxf3 Be7 13. Be3 O-O 14. Bd3 Rc8
15. a3 a5 16. Ne1 Qb6 17. Qb1 Na7 18. Qb2 Rc7 19. Nf3 Rfc8 20. Bd2 Nb5 21. g3
f6 22. h4 fxe5 23. dxe5 Bc5 24. h5 Nd4 25. Nxd4 Bxd4 26. Bxa5 Qa7 27. Qd2 Nxe5
28. Kg2 Rf7 29. Ra2 Nf3 30. Qb4 b6 31. Qd6 bxa5 32. Qxe6 Rd8 33. Bg6 Ng5 34.
Bxf7+ Qxf7 35. Qg4 Bf6 36. f4 Qe6 37. Qxe6+ Nxe6 38. Re1 Nd4 39. b4 axb4 40.
axb4 Nb5 41. g4 h6 42. Re3 Nc3 43. Ra5 d4 44. Rd3 Nd5 45. Kf3 Nxb4 46. Rda3 Kf7
47. Ke2 Re8+ 48. Kd2 Bh4 49. Ra7+ Ke6 50. R3a4 Kd6 51. Rxg7 Be1+ 52. Kd1 Bc3
53. Rg6+ Kd5 54. Rxb4 Bxb4 55. Kc2 Kc4 56. Rc6+ Bc5 57. Rc7 Re2+ 58. Kd1 Rg2
59. g5 hxg5 60. fxg5 Rxg5 61. h6 Rh5 62. h7 Rh2 63. Rg7 d3 64. Rc7 Kd4 0-1

[Event "Miraflores"]
[Site "Miraflores"]
[Date "1993.07.??"]
[Round "9"]
[White "Aguilar, Juan"]
[Black "Rodriguez Vila, Andres"]
[Result "0-1"]
[WhiteElo "2315"]
[BlackElo "2445"]
[PlyCount "54"]
[EventDate "1993.??.??"]
[EventType "tourn"]
[EventRounds "11"]
[EventCountry "PER"]
[EventCategory "4"]
[SourceTitle "EXT 1999"]
[Source "ChessBase"]
[SourceDate "1998.11.16"]
[SourceVersion "1"]
[SourceVersionDate "1998.11.16"]
[SourceQuality "1"]

1. e4 d5 2. exd5 Qxd5 3. Nc3 Qa5 4. d4 Nf6 5. Nf3 Bg4 6. h3 Bh5 7. g4 Bg6 8.
Ne5 e6 9. Bg2 c6 10. O-O Nbd7 11. Bf4 O-O-O 12. Qe2 Nxe5 13. Bxe5 Nd7 14. Bg3
h5 15. a3 hxg4 16. hxg4 Qb6 17. Rfd1 Nf6 18. g5 Nh5 19. Be5 Bd6 20. Bxd6 Rxd6
21. Ne4 Rdd8 22. Qe3 Qc7 23. c3 Bxe4 24. Bxe4 Nf4 25. Bg2 Rh5 26. Rd2 Nxg2 27.
Kxg2 Qh2+ 0-1

[Event "Miraflores"]
[Site "Miraflores"]
[Date "1993.??.??"]
[Round "10"]
[White "Rodriguez Vila, Andres"]
[Black "Disconzi da Silva, Rodrigo"]
[Result "1-0"]
[WhiteElo "2445"]
[BlackElo "2315"]
[PlyCount "60"]
[EventDate "1993.??.??"]
[EventType "tourn"]
[EventRounds "11"]
[EventCountry "PER"]
[EventCategory "4"]
[SourceTitle "EXT 1999"]
[Source "ChessBase"]
[SourceDate "1998.11.16"]
[SourceVersion "1"]
[SourceVersionDate "1998.11.16"]
[SourceQuality "1"]

1. e4 c5 2. Nf3 e6 3. d4 cxd4 4. Nxd4 a6 5. Nc3 Qc7 6. g3 d6 7. Bg2 Be7 8. O-O
Nc6 9. Nxc6 bxc6 10. Na4 Bb7 11. c4 c5 12. Bf4 Nf6 13. Qe2 O-O 14. Rad1 Rfd8
15. g4 Ne8 16. g5 e5 17. Bc1 f5 18. f4 g6 19. exf5 Bxg2 20. Qxg2 gxf5 21. Nc3
e4 22. Nd5 Qb7 23. Qh3 Ng7 24. b3 Rf8 25. Bb2 Bd8 26. Nf6+ Bxf6 27. gxf6 Ne8
28. Qxf5 e3 29. Rd5 Rf7 30. Rf3 Nc7 1-0

[Event "Miraflores"]
[Site "Miraflores"]
[Date "1993.07.??"]
[Round "11"]
[White "Del Rey, Diego"]
[Black "Rodriguez Vila, Andres"]
[Result "1/2-1/2"]
[WhiteElo "2380"]
[BlackElo "2445"]
[PlyCount "154"]
[EventDate "1993.??.??"]
[EventType "tourn"]
[EventRounds "11"]
[EventCountry "PER"]
[EventCategory "4"]
[SourceTitle "EXT 1999"]
[Source "ChessBase"]
[SourceDate "1998.11.16"]
[SourceVersion "1"]
[SourceVersionDate "1998.11.16"]
[SourceQuality "1"]

1. d4 f5 2. g3 Nf6 3. Bg2 g6 4. c3 c6 5. Qb3 Bg7 6. Nf3 Qb6 7. O-O d6 8. Bg5 h6
9. Bxf6 Qxb3 10. axb3 Bxf6 11. Nbd2 O-O 12. e4 fxe4 13. Nxe4 Bg7 14. Rfe1 g5
15. Re3 Na6 16. Ned2 Bf6 17. Nc4 Nc7 18. Nfd2 Bf5 19. b4 Kf7 20. Ree1 Kg7 21.
Ne3 Bd7 22. Ndc4 Be6 23. Ra5 b6 24. Raa1 d5 25. Ne5 Bxe5 26. dxe5 a5 27. bxa5
Rxa5 28. Rxa5 bxa5 29. Ra1 Ra8 30. f4 a4 31. f5 Bd7 32. g4 Ra5 33. Kf2 Rb5 34.
Ra2 Rb3 35. Bf3 a3 36. bxa3 Rxc3 37. a4 Na6 38. e6 Bc8 39. Rc2 Rxc2+ 40. Nxc2
Bb7 41. Be2 Nc7 42. Nb4 Kf6 43. Nd3 Na6 44. Ke3 c5 45. Nb2 Nb4 46. Nd3 Na6 47.
Nb2 Nc7 48. a5 Ke5 49. Na4 Kd6 50. Nb6 c4 51. Kd2 Kc5 52. Bf3 Ba6 53. f6 exf6
54. Bxd5 Kb4 55. e7 c3+ 56. Kc2 Bb5 57. Bf7 Kxa5 58. Nc8 Bd7 59. Nd6 Bxg4 60.
Kxc3 Kb6 61. e8=Q Nxe8 62. Nxe8 f5 63. Kd4 Kc6 64. Ke5 f4 65. Nf6 Be2 66. Bh5
Bc4 67. Bf3+ Kc5 68. Ne4+ Kb4 69. Nd6 Bd3 70. Nf7 Kc3 71. Nxh6 Kd2 72. Nf7 Be2
73. Nxg5 Bxf3 74. Nxf3+ Ke3 75. Nd4 f3 76. Nxf3 Kxf3 77. h4 Kg4 1/2-1/2

[Event "Punta del Este"]
[Site "Punta del Este"]
[Date "1993.??.??"]
[Round "1"]
[White "Rodriguez Vila, Andres"]
[Black "De Oliveira, Paulo Sergio Castro"]
[Result "1-0"]
[WhiteElo "2445"]
[BlackElo "2225"]
[PlyCount "58"]
[EventDate "1993.??.??"]
[EventType "tourn"]
[EventRounds "9"]
[EventCountry "CHI"]
[EventCategory "1"]
[SourceTitle "EXT 1999"]
[Source "ChessBase"]
[SourceDate "1998.11.16"]
[SourceVersion "1"]
[SourceVersionDate "1998.11.16"]
[SourceQuality "1"]

1. e4 e6 2. d4 d5 3. Nd2 Nf6 4. e5 Nfd7 5. c3 c5 6. Bd3 Nc6 7. Ne2 Qb6 8. Nf3
f6 9. exf6 Nxf6 10. O-O Bd6 11. Bf4 Bxf4 12. Nxf4 c4 13. Bc2 Qxb2 14. Rc1 O-O
15. Ng5 h6 16. Nfxe6 Bxe6 17. Nxe6 Rf7 18. Qf3 Ne7 19. a4 Ne4 20. Qh5 Qb6 21.
Bxe4 Qxe6 22. Bc2 Qf6 23. Rce1 Raf8 24. Re3 Qf4 25. Rf3 Qg5 26. Qxg5 hxg5 27.
Rg3 Rf6 28. Rxg5 Rb6 29. Re5 Rf7 1-0

[Event "Punta del Este"]
[Site "Punta del Este"]
[Date "1993.??.??"]
[Round "2"]
[White "Langier, Daniel"]
[Black "Rodriguez Vila, Andres"]
[Result "1-0"]
[WhiteElo "2315"]
[BlackElo "2445"]
[PlyCount "71"]
[EventDate "1993.??.??"]
[EventType "tourn"]
[EventRounds "9"]
[EventCountry "CHI"]
[EventCategory "1"]
[SourceTitle "EXT 1999"]
[Source "ChessBase"]
[SourceDate "1998.11.16"]
[SourceVersion "1"]
[SourceVersionDate "1998.11.16"]
[SourceQuality "1"]

1. e4 e6 2. d4 d5 3. Nd2 Nf6 4. e5 Nfd7 5. f4 c5 6. c3 Nc6 7. Ndf3 Qb6 8. h4
cxd4 9. cxd4 Bb4+ 10. Kf2 f6 11. Be3 O-O 12. Ne2 a5 13. g3 fxe5 14. fxe5 Ndxe5
15. dxe5 Bc5 16. Bxc5 Qxc5+ 17. Kg2 Nxe5 18. Qd4 Qxd4 19. Nexd4 Nxf3 20. Nxf3
b6 21. Rc1 Bb7 22. Rc7 Ra7 23. Ba6 Rxa6 24. Rxb7 Rf7 25. Rb8+ Rf8 26. Rxf8+
Kxf8 27. Rc1 b5 28. Rc7 b4 29. Kf2 b3 30. a3 e5 31. Nxe5 d4 32. Nc6 a4 33. Ke2
Rb6 34. Kd3 Rb5 35. Nxd4 Re5 36. Ra7 1-0

[Event "Punta del Este"]
[Site "Punta del Este"]
[Date "1993.??.??"]
[Round "5"]
[White "Rodriguez Vila, Andres"]
[Black "Escofet Fernandez, Jaime"]
[Result "1-0"]
[WhiteElo "2445"]
[BlackElo "2235"]
[PlyCount "73"]
[EventDate "1993.??.??"]
[EventType "tourn"]
[EventRounds "9"]
[EventCountry "CHI"]
[EventCategory "1"]
[SourceTitle "EXT 1999"]
[Source "ChessBase"]
[SourceDate "1998.11.16"]
[SourceVersion "1"]
[SourceVersionDate "1998.11.16"]
[SourceQuality "1"]

1. e4 c6 2. d4 d5 3. e5 Bf5 4. Nf3 e6 5. Be2 c5 6. c3 Nc6 7. O-O cxd4 8. cxd4
Bg4 9. Nbd2 Nge7 10. b3 Qb6 11. Bb2 Nf5 12. h3 Bxf3 13. Nxf3 Be7 14. Bd3 g6 15.
Qd2 O-O-O 16. Qf4 h6 17. g4 g5 18. Qc1 Nh4 19. Nxh4 gxh4 20. f4 Kb8 21. Qe3 Nb4
22. Rf2 Rc8 23. a3 Nxd3 24. Qxd3 Rc7 25. Kh2 Rhc8 26. Rg1 a6 27. g5 hxg5 28.
fxg5 Bd8 29. Rgg2 a5 30. Rf4 a4 31. b4 Qc6 32. Kh1 Qc4 33. Qxc4 dxc4 34. Bc3
Rd7 35. Rxh4 Bb6 36. Rf4 Rcd8 37. Rd2 1-0

[Event "Punta del Este"]
[Site "Punta del Este"]
[Date "1993.??.??"]
[Round "7"]
[White "Lamas Baliero, Pedro"]
[Black "Rodriguez Vila, Andres"]
[Result "0-1"]
[WhiteElo "2195"]
[BlackElo "2445"]
[PlyCount "112"]
[EventDate "1993.??.??"]
[EventType "tourn"]
[EventRounds "9"]
[EventCountry "CHI"]
[EventCategory "1"]
[SourceTitle "EXT 1999"]
[Source "ChessBase"]
[SourceDate "1998.11.16"]
[SourceVersion "1"]
[SourceVersionDate "1998.11.16"]
[SourceQuality "1"]

1. d4 d5 2. Nf3 Nf6 3. Bf4 g6 4. e3 Bg7 5. h3 O-O 6. Be2 Nbd7 7. Nbd2 Ne8 8. c4
dxc4 9. Nxc4 Nd6 10. O-O Nb6 11. Nxb6 axb6 12. Qc2 c6 13. Rfd1 h6 14. Be5 Be6
15. Bd3 f5 16. Nh4 Qe8 17. f4 g5 18. Nf3 Qh5 19. fxg5 hxg5 20. Bxg7 Kxg7 21.
Ne5 g4 22. Qf2 Rh8 23. Qg3 Qh4 24. Qxh4 Rxh4 25. hxg4 fxg4 26. Ng6 Rh6 27. Nf4
g3 28. Nxe6+ Rxe6 29. Re1 Ne4 30. Bxe4 Rxe4 31. Kf1 Rf8+ 32. Ke2 Rf2+ 33. Kd3
Re6 34. Re2 Ref6 35. Rae1 Kg6 36. Rxf2 Rxf2 37. Re2 Rf1 38. e4 Kg5 39. Ke3 Kg4
40. Rd2 Ra1 41. a3 Re1+ 42. Re2 Rxe2+ 43. Kxe2 Kf4 44. Kd3 b5 45. b3 b4 46. a4
b6 47. d5 c5 48. Kc4 Kxe4 49. a5 bxa5 50. Kxc5 a4 51. Kxb4 axb3 52. Kxb3 Kxd5
$2 (52... Ke3) 53. Kc3 Ke4 54. Kd2 e5 55. Ke2 Kd4 56. Kf3 Kd3 0-1

[Event "Punta del Este"]
[Site "Punta del Este"]
[Date "1993.??.??"]
[Round "8"]
[White "Rodriguez Vila, Andres"]
[Black "Perchman, Daniel"]
[Result "1-0"]
[WhiteElo "2445"]
[BlackElo "2300"]
[PlyCount "59"]
[EventDate "1993.??.??"]
[EventType "tourn"]
[EventRounds "9"]
[EventCountry "CHI"]
[EventCategory "1"]
[SourceTitle "EXT 1999"]
[Source "ChessBase"]
[SourceDate "1998.11.16"]
[SourceVersion "1"]
[SourceVersionDate "1998.11.16"]
[SourceQuality "1"]

1. e4 e6 2. d4 d5 3. Nc3 Bb4 4. e5 Ne7 5. a3 Bxc3+ 6. bxc3 c5 7. Qg4 Nf5 8. Bd3
h5 9. Qf4 Nc6 10. Nf3 g6 11. h4 Qa5 12. Bd2 Qa4 13. dxc5 Qxf4 14. Bxf4 Bd7 15.
Rb1 Na5 16. c4 Nxc4 17. Rxb7 Nxa3 18. Ke2 Nc4 19. Ra1 a5 20. Bxc4 dxc4 21. Rxa5
Rc8 22. Raa7 Bc6 23. Rxf7 Bxf3+ 24. Kxf3 Rf8 25. Rh7 Nxh4+ 26. Ke4 Nf5 27. Bg5
Rg8 28. c6 Rf8 29. Rad7 Rxc6 30. Rd8# 1-0

[Event "Punta del Este"]
[Site "Punta del Este"]
[Date "1993.??.??"]
[Round "9"]
[White "De Dovitiis, Alejo"]
[Black "Rodriguez Vila, Andres"]
[Result "1/2-1/2"]
[WhiteElo "2335"]
[BlackElo "2445"]
[PlyCount "99"]
[EventDate "1993.??.??"]
[EventType "tourn"]
[EventRounds "9"]
[EventCountry "CHI"]
[EventCategory "1"]
[SourceTitle "EXT 1999"]
[Source "ChessBase"]
[SourceDate "1998.11.16"]
[SourceVersion "1"]
[SourceVersionDate "1998.11.16"]
[SourceQuality "1"]

1. d4 Nf6 2. Nf3 e6 3. Bg5 Be7 4. Nbd2 d5 5. e3 b6 6. Bd3 Bb7 7. O-O Ne4 8.
Bxe7 Qxe7 9. c4 O-O 10. Rc1 c5 11. Qc2 Nc6 12. Bxe4 dxe4 13. Nxe4 Nb4 14. Qb1
Bxe4 15. Qxe4 Nxa2 16. Rcd1 f6 17. Rd2 Rad8 18. Rfd1 Nb4 19. g3 Rfe8 20. Ne1 f5
21. Qf3 g6 22. h4 cxd4 23. exd4 Qc7 24. Qc3 a5 25. Nf3 Rc8 26. Ne5 Nc6 27. Nd3
Nd8 28. b3 h6 29. Ne5 Qg7 30. Qe3 g5 31. hxg5 hxg5 32. Kg2 f4 33. Qe4 Nf7 34.
Nxf7 Qxf7 35. g4 f3+ 36. Qxf3 Qxf3+ 37. Kxf3 Rf8+ 38. Ke3 Rf4 39. f3 a4 40. Rh1
Rcf8 41. Rf2 e5 42. dxe5 Re8 43. Rh6 Rxe5+ 44. Kd3 b5 45. Rb6 bxc4+ 46. bxc4
Kg7 47. Rb5 Rxb5 48. cxb5 Rb4 49. Ra2 Rxb5 50. Rxa4 1/2-1/2

[Event "Villa Ballester op"]
[Site "Villa Ballester"]
[Date "1993.??.??"]
[Round "1"]
[White "Hernandez Penna, Sabina"]
[Black "Rodriguez Vila, Andres"]
[Result "0-1"]
[WhiteElo "2075"]
[BlackElo "2445"]
[PlyCount "94"]
[EventDate "1993.??.??"]
[EventType "swiss"]
[EventRounds "9"]
[EventCountry "ARG"]
[SourceTitle "EXT 1998"]
[Source "ChessBase"]
[SourceDate "1997.11.17"]
[SourceVersion "1"]
[SourceVersionDate "1997.11.17"]
[SourceQuality "1"]

1. e4 e6 2. d4 d5 3. Nc3 Bb4 4. exd5 exd5 5. Bd3 Ne7 6. Qf3 c5 7. Bd2 cxd4 8.
Nb1 Bd6 9. Ne2 Nbc6 10. Bb5 Qb6 11. Qb3 Be5 12. O-O O-O 13. Bd3 Qc7 14. h3 Rb8
15. Bb4 Nxb4 16. Qxb4 Nc6 17. Qc5 Be6 18. Nd2 Bd6 19. Qb5 a6 20. Qb3 Bc5 21. a3
Qe7 22. Nf3 Qf6 23. Rad1 Kh8 24. Nh2 Rfe8 25. Rfe1 Bd6 26. Nf1 h5 27. Qa2 h4
28. Qb1 Bd7 29. Qc1 Re5 30. Qd2 Rg8 31. f4 Re7 32. f5 Rge8 33. Nc1 Bxf5 34.
Rxe7 Rxe7 35. Qf2 Re5 36. Nb3 Qg5 37. Kh1 Bxd3 38. Rxd3 Rf5 39. Rf3 Rxf3 40.
Qxf3 Kg8 41. Qd3 Qf4 42. Kg1 g6 43. Nbd2 Ne5 44. Qb3 d3 45. Qc3 dxc2 46. Qxc2
Qd4+ 47. Kh1 Bc5 0-1

[Event "Villa Ballester op"]
[Site "Villa Ballester"]
[Date "1993.??.??"]
[Round "3"]
[White "Arregui, Jose Luis"]
[Black "Rodriguez Vila, Andres"]
[Result "1/2-1/2"]
[WhiteElo "2310"]
[BlackElo "2445"]
[PlyCount "96"]
[EventDate "1993.??.??"]
[EventType "swiss"]
[EventRounds "9"]
[EventCountry "ARG"]
[SourceTitle "EXT 1998"]
[Source "ChessBase"]
[SourceDate "1997.11.17"]
[SourceVersion "1"]
[SourceVersionDate "1997.11.17"]
[SourceQuality "1"]

1. d4 f5 2. g3 Nf6 3. Bg2 g6 4. Nf3 Bg7 5. O-O O-O 6. c4 c6 7. Nc3 d6 8. b3 Na6
9. Bb2 Qe8 10. d5 Bd7 11. Rb1 h6 12. Nd4 g5 13. e4 f4 14. Nf5 Bxf5 15. exf5 c5
16. Qe2 Rf7 17. Bf3 Qf8 18. Kh1 fxg3 19. fxg3 Nc7 20. Nd1 Bh8 21. Bh5 Nxh5 22.
Qxh5 Bxb2 23. Rxb2 Qg7 24. Rbf2 Ne8 25. Ne3 Nf6 26. Qe2 Rb8 27. a4 a5 28. Ng4
Nxg4 29. Qxg4 Rbf8 30. Re2 Qc3 31. Qf3 Qxf3+ 32. Rxf3 h5 33. Re6 g4 34. Rf4 Kg7
35. f6+ exf6 36. Rxd6 Re8 37. Kg2 Re3 38. Rb6 Kg6 39. Rb5 Rc7 40. Rf2 Rd3 41.
Rb2 f5 42. Rxa5 f4 43. gxf4 h4 44. Ra8 h3+ 45. Kg1 Re7 46. Rg8+ Kh5 47. Rh8+
Kg6 48. Rg8+ Kh5 1/2-1/2

[Event "Villa Ballester op"]
[Site "Villa Ballester"]
[Date "1993.??.??"]
[Round "5"]
[White "Minzer, Claudio Javier"]
[Black "Rodriguez Vila, Andres"]
[Result "0-1"]
[WhiteElo "2370"]
[BlackElo "2445"]
[PlyCount "86"]
[EventDate "1993.??.??"]
[EventType "swiss"]
[EventRounds "9"]
[EventCountry "ARG"]
[SourceTitle "EXT 1998"]
[Source "ChessBase"]
[SourceDate "1997.11.17"]
[SourceVersion "1"]
[SourceVersionDate "1997.11.17"]
[SourceQuality "1"]

1. d4 e6 2. c4 Nf6 3. Nc3 Bb4 4. e3 b6 5. a3 Bxc3+ 6. bxc3 O-O 7. Bd3 d6 8. Ne2
Nc6 9. Ng3 Qe8 10. O-O Ba6 11. e4 e5 12. Bg5 Nd7 13. Be3 f6 14. f4 Qf7 15. fxe5
dxe5 16. Nf5 Kh8 17. Qe2 Na5 18. d5 g6 19. Nh4 Qe7 20. Nf3 Nc5 21. Nd2 c6 22.
Kh1 Nxd3 23. Qxd3 Rac8 24. Bh6 Rf7 25. Qh3 Re8 26. Rf3 Nxc4 27. Nxc4 Bxc4 28.
dxc6 Qd6 29. Qh4 Qxc6 30. Re1 Rd8 31. Bc1 Rd6 32. h3 Bd3 33. Bb2 Kg7 34. Kh2
Qa4 35. Ree3 Qc2 36. Rf2 Qd1 37. Qg3 Bc4 38. Ref3 Qe1 39. Qh4 Be2 40. Re3 g5
41. Rexe2 Qxe2 42. Qxg5+ fxg5 43. Rxe2 Rf1 0-1

[Event "Villa Ballester op"]
[Site "Villa Ballester"]
[Date "1993.??.??"]
[Round "6"]
[White "Rodriguez Vila, Andres"]
[Black "Hoffman, Alejandro"]
[Result "0-1"]
[WhiteElo "2445"]
[BlackElo "2450"]
[PlyCount "38"]
[EventDate "1993.??.??"]
[EventType "swiss"]
[EventRounds "9"]
[EventCountry "ARG"]
[SourceTitle "EXT 1998"]
[Source "ChessBase"]
[SourceDate "1997.11.17"]
[SourceVersion "1"]
[SourceVersionDate "1997.11.17"]
[SourceQuality "1"]

1. e4 c5 2. Nf3 d6 3. d4 cxd4 4. Nxd4 Nf6 5. Nc3 g6 6. Be3 Bg7 7. f3 O-O 8. Qd2
Nc6 9. Bc4 Bd7 10. h4 Qa5 11. h5 Nxh5 12. g4 Ne5 13. Be2 Ng3 14. Nb3 Qd8 15.
Rh3 Nxe2 16. Qxe2 h5 17. Rh1 Nxf3+ 18. Qxf3 Bxg4 19. Qg2 Rc8 0-1

[Event "Villa Ballester op"]
[Site "Villa Ballester"]
[Date "1993.??.??"]
[Round "8"]
[White "Rodriguez Vila, Andres"]
[Black "Giaccio, Alfredo Gustavo"]
[Result "1/2-1/2"]
[WhiteElo "2445"]
[BlackElo "2360"]
[PlyCount "61"]
[EventDate "1993.??.??"]
[EventType "swiss"]
[EventRounds "9"]
[EventCountry "ARG"]
[SourceTitle "EXT 1998"]
[Source "ChessBase"]
[SourceDate "1997.11.17"]
[SourceVersion "1"]
[SourceVersionDate "1997.11.17"]
[SourceQuality "1"]

1. f4 d5 2. Nf3 g6 3. g3 Bg7 4. Bg2 c5 5. O-O Nh6 6. d3 Nf5 7. c3 d4 8. e4 dxe3
9. Qe2 Nc6 10. Na3 O-O 11. Bxe3 Nxe3 12. Qxe3 Be6 13. Nc4 Rc8 14. Rf2 Bd5 15.
g4 b5 16. Nce5 b4 17. c4 Bxf3 18. Bxf3 Nxe5 19. fxe5 e6 20. a3 bxa3 21. Rxa3
Qc7 22. Re2 Rb8 23. d4 cxd4 24. Qxd4 Rfd8 25. Rxa7 Qc8 26. Qf2 Qxc4 27. Rxf7
Qc1+ 28. Re1 Qxb2 29. Qxb2 Rxb2 30. Re7 Bf8 31. Rc7 1/2-1/2

[Event "San Martin"]
[Site "San Martin"]
[Date "1993.??.??"]
[Round "1"]
[White "Rodriguez Vila, Andres"]
[Black "Smyslov, Vassily V"]
[Result "1/2-1/2"]
[WhiteElo "2405"]
[BlackElo "2520"]
[PlyCount "83"]
[EventDate "1993.05.??"]
[EventType "tourn"]
[EventRounds "11"]
[EventCountry "ARG"]
[EventCategory "8"]
[SourceTitle "CBM 037 Extra"]
[Source "ChessBase"]
[SourceDate "1994.01.01"]
[SourceVersion "1"]
[SourceVersionDate "1994.01.01"]
[SourceQuality "1"]

1. e4 e6 2. d4 d5 3. Nd2 c5 4. Ngf3 Nc6 5. exd5 Qxd5 6. Bc4 Qd8 7. O-O cxd4 8.
Nb3 a6 9. Nbxd4 Nxd4 10. Nxd4 Nf6 11. Re1 Bc5 12. Nb3 Qxd1 13. Rxd1 Bb6 14. Be2
Ne4 15. Be3 Bxe3 16. fxe3 e5 17. Na5 Ke7 18. Rd5 f6 19. Bf3 Ng5 20. Rad1 Nxf3+
21. gxf3 Bh3 22. Rd6 b5 23. Nc6+ Kf7 24. Kf2 Rhe8 25. b3 Kf8 26. Nd8 Ke7 27.
Nc6+ Kf8 28. a4 bxa4 29. bxa4 Rac8 30. Kg3 Be6 31. Rb1 Rc7 32. Rb6 Bc4 33. Na5
Rec8 34. Nxc4 Rxc4 35. Rxa6 Rxc2 36. a5 R8c7 37. Ra8+ Kf7 38. Rda6 Kg6 39. R6a7
Rxa7 40. Rxa7 Ra2 41. e4 h5 42. h4 1/2-1/2